00523nam a22001457a 450000500170000000800410001702000280005804100120008608200120009810000410011024501120015126000570026330000310032065000260035120240119090219.0240119b |||||||| |||| 00| 0 eng d a0409003301 ; 0409003646 aEnglish a349 JOU aJoubert, WA and Scott, TJ lEnglish  aThe Law of South Africa : Mandate and Negotiorum Gestio to Mortgage and Pledge / cWA Joubert and TJ Scott  aDurban : bButterworth Publishers (Pty) Ltd, c1983  bvii, 484 pages ; c26 cm.  aLegal practice bLaw